01532nam a22003734a 4500001001200000003000800012006001900020007001500039008004100054010001700095020003600112020003500148040002100183035002000204050002500224082002000249245016300269260004000432300005600472490001600528504005100544533015200595650003200747650003500779650003100814650003900845655002900884700002600913700003300939710001700972830002400989856012601013999001901139ebr10064684CaPaEBRm u cr cn|||||||||031112s2004 dcuab sb 001 0 eng  z 2003024792 z1559635266 (cloth : alk. paper) z1559635274 (pbk. : alk. paper) aCaPaEBRcCaPaEBR a(OCoLC)5641887914aQC879.8b.G55 2004eb04a363.738/74622204aThe global carbon cycleh[electronic resource] :bintegrating humans, climate, and the natural world /cedited by Christopher B. Field and Michael R. Raupach. aWashington :bIsland Press,cc2004. axxiv, 526 p. :bill. (some col.), maps (some col.).1 aSCOPE ;v62 aIncludes bibliographical references and index. aElectronic reproduction.bPalo Alto, Calif. :cebrary,d2013.nAvailable via World Wide Web.nAccess may be limited to ebrary affiliated libraries. 0aAtmospheric carbon dioxide. 0aCarbon cycle (Biogeochemistry) 0aGreenhouse gas mitigation. 0aNaturexEffect of human beings on. 7aElectronic books.2local1 aField, Christopher B.1 aRaupach, M. R.q(Michael R.)2 aebrary, Inc. 0aSCOPE report ;v62.40uhttp://site.ebrary.com/lib/rucke/Doc?id=10064684zAn electronic book accessible through the World Wide Web; click to view c159823d159823